• 首页
  • 本馆介绍
  • 公告通知
  • 最新文献
  • 馆藏检索
  • 电子资源
  • 读者导购
  • 参考咨询
  • 我的图书馆
  • 登录
  • 详细信息显示
  • 放入我的书架
  • 预约/预借图书
  • 作者相关作品
  • 分类相关作品
  • 丛书相关作品
  • 出版社相关作品

书目信息

  • 表格格式
  • 工作单格式
  • 卡片格式
题名:
法华新字典
    
 
作者:
分册:  
出版信息: 上海   商务印书馆  2019.01.05
页数: 621页
开本: 20cm
丛书名:
单 册:
中图分类: H326
科图分类:
主题词: 法语
电子资源:
ISBN:
000 00491nam0 2200193 450
001 1232146317
005 20121224085749.98
010    @d大洋4.00元
100    @a20121224d2019 km y0chiy0120 ea
101 0  @achi
102    @aCN@b310000
102    @aCN@b110000
200 1  @a法华新字典@Afa hua xin zi dian
210    @a上海@c商务印书馆@d2019.01.05
215    @a621页@d20cm
606 0  @a法语
690    @aH326@v4
801  0 @aCN@b大连网信软件有限公司图书馆·11@c20121224
905    @aZUCC@dH326@e112
    
    法华新字典.-上海:商务印书馆,2019.01.05
    621页;20cm
    
    
    ISBN :大洋4.00元
    
●
相关链接 在E读中查询图书 在五车中查询图书 在当当中查询图书 在豆瓣中查询图书


正题名:法华新字典     索取号:H326/112         预约/预借

序号 登录号 条形码 馆藏地/架位号 状态 备注
1 0625649   206256497   古籍典藏专区/ [索取号:H326/112] 在馆    
唐山师范学院图书馆 欢迎您!
大连网信软件有限公司© 版权所有